Statistics for San Francisco - Niall Horan (All Lyrics)

Click here to take the quiz!

General Stats

  • This quiz has been taken 69 times
  • The average score is 269 of 331

Answer Stats

Answer% Correct
a
98%
I
98%
me
98%
San
98%
to
98%
Francisco
95%
so
95%
the
95%
we
95%
you
95%
your
95%
back
93%
back,
93%
go
93%
it
93%
know
93%
on
93%
up
93%
up,
93%
what
93%
do
91%
it’s
91%
My
91%
my
91%
Take
91%
take
91%
want
91%
can
86%
kiss
86%
let
86%
like
86%
of
86%
one
86%
You’re
86%
can’t
84%
had
84%
not
84%
be
82%
first
82%
good
82%
I’m
82%
last,
82%
never
82%
time
82%
but
80%
Don’t
80%
don’t
80%
for
80%
goodbye
80%
made
80%
mind’s
80%
that
80%
Hold
77%
out
77%
hear
75%
would
75%
all
73%
doorstep,
73%
Say
73%
wake
73%
Moon
70%
Scream
70%
down
68%
Sun
68%
defences
66%
shining
66%
until
66%
bad
64%
been
64%
from
64%
I’ll
64%
in
64%
rising
64%
running
64%
show
61%
done
59%
soaking
57%
wet
57%
wish
57%
And
55%
cruel
55%
fading
55%
now
55%
oh,
55%
Oh,
55%
Overthinking,
55%
changing
52%
hadn’t
52%
lay
52%
Light’s
50%
tell
48%
line
45%
might
45%
Is
43%
there
43%
too
43%
late
41%
’Cause
34%
make
34%
way
34%
Drunk
32%
somehow?
32%
dialling
30%
keep
30%
pacing
30%
someone
30%
Before
27%
Full
27%
new
27%
breaking
25%
fall
25%
dive
23%
oh-oh
16%

Score Distribution

Percentile by Number Answered

Percent of People with Each Score

Your Score History

You have not taken this quiz